[Event "EU-Cup 33rd"]
[Site "Antalya"]
[Date "2017.10.14"]
[Round "7.4"]
[White "Runarsson, Gunnar Freyr"]
[Black "Aleksic, Nenad C"]
[Result "1-0"]
[WhiteElo "1957"]
[BlackElo "2261"]
[PlyCount "103"]
[EventDate "2017.10.08"]
[EventType "team-swiss"]
[EventRounds "7"]
[EventCountry "TUR"]
[SourceTitle "CBM 181"]
[Source "ChessBase"]
[SourceDate "2017.11.10"]
[SourceVersion "1"]
[SourceVersionDate "2017.11.10"]
[SourceQuality "1"]
[WhiteTeam "Viking"]
[BlackTeam "Elektroprivreda"]
[WhiteTeamCountry "ISL"]
[BlackTeamCountry "MNE"]

1. e4 c6 2. d4 d5 3. Nc3 dxe4 4. f3 e3 5. Bxe3 Bf5 6. Bd3 Bg6 7. Nge2 Nf6 8. Nf4 e6 9. Nxg6 hxg6 10. Qe2 Bb4 11. a3 Bd6 12. 0-0-0 Nd5 13. Nxd5 cxd5 14. Kb1 Nc6 15. c4 dxc4 16. Bxc4 0-0 17. h4 Qa5 18. d5 exd5 19. Rxd5 Qc7 20. h5 Ne7 21. hxg6 Nxg6 22. Rdh5 Rfc8 23. Bb3 Be5 24. f4 Bxf4 25. Bxf4 Qxf4 26. Rf1 Rf8 27. Rxf4 Nxf4 28. Qg4 Nxh5 29. Qxh5 Rac8 30. Qf5 Rcd8 31. g4 Rd6 32. Ka2 b6 33. Qe5 Rd7 34. Qh5 Rd6 35. Qe5 Rd7 36. Ba4 Rdd8 37. Qe7 Rd4 38. Bb3 a5 39. a4 Rxg4 40. Bxf7+ Rxf7 41. Qe8+ Kh7 42. Qxf7 Rb4 43. Qh5+ Kg8 44. b3 Kf8 45. Qf5+ Kg8 46. Kb2 Kh8 47. Kc3 Kg8 48. Qh5 Kf8 49. Qd5 Ke7 50. Qf5 Ke8 51. Qe6+ Kf8 52. Kc2 1-0

[Event "MNT-chT"]
[Site "Montenegro"]
[Date "2017.09.25"]
[Round "3.6"]
[White "Aleksic, Nenad C"]
[Black "Nikac, Predrag"]
[Result "1/2-1/2"]
[WhiteElo "2261"]
[BlackElo "2316"]
[PlyCount "34"]
[EventDate "2017.09.23"]
[EventType "team"]
[EventRounds "9"]
[EventCountry "MNE"]
[SourceTitle "CBM 180 Extra"]
[Source "ChessBase"]
[SourceDate "2017.10.06"]
[SourceVersion "1"]
[SourceVersionDate "2017.10.06"]
[SourceQuality "1"]
[WhiteTeam "Elektroprivreda"]
[BlackTeam "Buducnost"]
[WhiteTeamCountry "MNE"]
[BlackTeamCountry "MNE"]

1. e4 c6 2. d3 d5 3. Nd2 dxe4 4. dxe4 Nf6 5. Ngf3 Bg4 6. h3 Bh5 7. g4 Bg6 8. Bd3 e6 9. Qe2 Nbd7 10. Nb3 Qc7 11. Bd2 Nc5 12. Nxc5 Bxc5 13. Bc3 Qf4 14. Be5 Qh6 15. g5 Qh5 16. gxf6 gxf6 17. Bxf6 0-0 1/2-1/2

[Event "MNT-chT"]
[Site "Cetinje"]
[Date "2013.06.26"]
[Round "3.6"]
[White "Aleksic, Nenad C"]
[Black "Radoman, Milan"]
[Result "1-0"]
[WhiteElo "2283"]
[BlackElo "2191"]
[PlyCount "119"]
[EventDate "2013.06.24"]
[EventType "team-tourn"]
[EventRounds "9"]
[EventCountry "MNE"]
[SourceTitle "CBM 155 Extra"]
[Source "ChessBase"]
[SourceDate "2013.08.26"]
[SourceVersion "1"]
[SourceVersionDate "2013.08.26"]
[SourceQuality "1"]
[WhiteTeam "Elektroprivreda"]
[BlackTeam "Bemax"]
[WhiteTeamCountry "MNE"]
[BlackTeamCountry "MNE"]

1. Nf3 Nf6 2. c4 e6 3. g3 b6 4. Bg2 Bb7 5. 0-0 Be7 6. Nc3 0-0 7. d4 d5 8. Ne5 Nbd7 9. Qa4 Nxe5 10. dxe5 Ne4 11. Nxe4 dxe4 12. Rd1 Qe8 13. Qc2 Qc6 14. Rd4 Qc5 15. Rd7 Rfe8 16. Bxe4 Bxe4 17. Qxe4 Rad8 18. Be3 Qb4 19. Rad1 Rc8 20. b3 Bc5 21. Bxc5 Qxc5 22. h4 h6 23. g4 Rf8 24. e3 Rce8 25. Qf4 Re7 26. Rd8 Ree8 27. Rxe8 Rxe8 28. Qd4 Qa3 29. Rd2 Qc1+ 30. Kg2 Qb1 31. Qd3 Qa1 32. Qe4 Rf8 33. g5 hxg5 34. hxg5 a5 35. Rd4 Qxa2 36. Qd3 Qb2 37. Rh4 g6 38. Qe4 Qd2 39. Rh1 Re8 40. Qf4 Qd8 41. Qh4 Qa8+ 42. f3 Kf8 43. Qh8+ Ke7 44. Qf6+ Kd7 45. Qxf7+ Kc6 46. Qxg6 Qd8 47. Qe4+ Kc5 48. f4 Qd2+ 49. Kf3 Rd8 50. g6 Rd7 51. f5 exf5 52. Qxf5 Kb4 53. e6 Re7 54. Rh7 Qd1+ 55. Ke4 Qc2+ 56. Kf4 Qf2+ 57. Kg5 Qxe3+ 58. Kf6 Rxh7 59. gxh7 Qh6+ 60. Kf7 1-0

[Event "Montenegro Team Cup"]
[Site "Montenegro"]
[Date "2013.04.21"]
[Round "3.4"]
[White "Aleksic, Nenad C"]
[Black "Blagojevic, Tijana"]
[Result "1/2-1/2"]
[WhiteElo "2283"]
[BlackElo "2048"]
[PlyCount "72"]
[EventDate "2013.04.06"]
[EventType "swiss"]
[EventRounds "5"]
[EventCountry "MNE"]
[SourceTitle "CBM 154 Extra"]
[Source "ChessBase"]
[SourceDate "2013.06.25"]
[SourceVersion "2"]
[SourceVersionDate "2013.06.25"]
[SourceQuality "1"]

1. Nf3 f5 2. d4 Nf6 3. Bg5 e6 4. Nbd2 d5 5. e3 a6 6. Bxf6 Qxf6 7. Ne5 g6 8. Be2 h5 9. 0-0 Bd6 10. f4 Kf8 11. Ndf3 Nd7 12. c4 c6 13. Nxd7+ Bxd7 14. c5 Bc7 15. b4 a5 16. a3 Kg7 17. b5 cxb5 18. Qb1 b4 19. axb4 axb4 20. Qxb4 Rxa1 21. Rxa1 Rb8 22. Ra7 Qd8 23. Rxb7 Ra8 24. Ng5 Kf6 25. Qb2 Ra5 26. Qc3 Ra2 27. c6 Bc8 28. Rb2 Ra1+ 29. Kf2 Qe7 30. Rb7 Bxb7 31. Qxa1 Bxc6 32. Qa6 Be8 33. Bb5 Bf7 34. Qc8 Qd8 35. Qxd8+ Bxd8 36. Nxf7 Kxf7 1/2-1/2

[Event "MNT-chT"]
[Site "Cetinje"]
[Date "2012.08.03"]
[Round "1"]
[White "Aleksic, Nenad C"]
[Black "Ratkovic, Milorad"]
[Result "1-0"]
[WhiteElo "2290"]
[BlackElo "2190"]
[PlyCount "99"]
[EventDate "2012.08.03"]
[EventType "team-tourn"]
[EventRounds "9"]
[EventCountry "MNE"]
[SourceTitle "CBM 149 Extra"]
[Source "ChessBase"]
[SourceDate "2012.08.24"]
[SourceVersion "1"]
[SourceVersionDate "2012.08.24"]
[SourceQuality "1"]

1. Nf3 Nf6 2. c4 b6 3. g3 Bb7 4. Bg2 c5 5. 0-0 g6 6. d4 cxd4 7. Qxd4 Bg7 8. Nc3 0-0 9. Qh4 Qc8 10. Bh6 d6 11. Nd5 Bxd5 12. cxd5 Qg4 13. Qxg4 Nxg4 14. Bxg7 Kxg7 15. Rac1 Na6 16. Nd4 Ne5 17. a3 Rab8 18. Nb5 Rb7 19. Bh3 Nd7 20. Rc2 Nac5 21. b4 Ne4 22. Rfc1 Ndf6 23. f3 Ng5 24. Bc8 Rb8 25. h4 Nxd5 26. hxg5 a5 27. bxa5 bxa5 28. Bd7 Nb6 29. Bc6 d5 30. Nd4 e5 31. Nb5 Rfd8 32. Nc7 Rbc8 33. Bb5 d4 34. Rc6 Rb8 35. Na6 Rb7 36. Rc7 Rxc7 37. Rxc7 Nc8 38. Bc4 Nd6 39. Ba2 h6 40. Nc5 Rb8 41. Rd7 Rb6 42. Ne4 Nxe4 43. Rxf7+ Kh8 44. fxe4 hxg5 45. Kf2 Rb2 46. Bc4 Rc2 47. Bb5 Ra2 48. a4 d3 49. Bxd3 Rxa4 50. Kf3 1-0

[Event "MNT-chT"]
[Site "Tivat"]
[Date "2011.10.09"]
[Round "2.1"]
[White "Aleksic, Nenad C"]
[Black "Mihajlovic, Veselin"]
[Result "1/2-1/2"]
[WhiteElo "2289"]
[BlackElo "2370"]
[PlyCount "36"]
[EventDate "2011.10.08"]
[EventType "team-tourn"]
[EventRounds "9"]
[EventCountry "MNE"]
[SourceTitle "CBM 144 Extra"]
[Source "ChessBase"]
[SourceDate "2011.10.28"]
[SourceVersion "1"]
[SourceVersionDate "2011.10.28"]
[SourceQuality "1"]
[WhiteTeam "Niksic Elektroprivreda"]
[BlackTeam "Herceg Novi"]
[WhiteTeamCountry "MNE"]
[BlackTeamCountry "MNE"]

1. c4 c5 2. Nc3 Nc6 3. g3 g6 4. Bg2 Bg7 5. Nf3 e6 6. 0-0 Nge7 7. d3 0-0 8. Bg5 b6 9. a3 Bb7 10. Rb1 d5 11. Qc1 f6 12. cxd5 Nxd5 13. Bh6 Rc8 14. Bxg7 Kxg7 15. Qd2 Nxc3 16. bxc3 Rc7 17. Qa2 Re8 18. Nd2 Ne5 1/2-1/2

[Event "SCG-chT 4th"]
[Site "Vrnjacka Banja"]
[Date "2006.05.03"]
[Round "3"]
[White "Pejovic, Jovan"]
[Black "Aleksic, Nenad C"]
[Result "0-1"]
[WhiteElo "2189"]
[BlackElo "2275"]
[PlyCount "74"]
[EventDate "2006.05.01"]
[EventType "team"]
[EventRounds "7"]
[EventCountry "YUG"]
[SourceTitle "CBM 112 Extra"]
[Source "ChessBase"]
[SourceDate "2006.07.14"]
[SourceVersion "1"]
[SourceVersionDate "2006.07.14"]
[SourceQuality "1"]

1. d4 d5 2. Nf3 Nf6 3. c3 e6 4. Bf4 Bd6 5. e3 0-0 6. Nbd2 Bxf4 7. exf4 c5 8. dxc5 Qc7 9. g3 Qxc5 10. Bd3 Nc6 11. 0-0 Rd8 12. Nb3 Qb6 13. Qe2 a5 14. Rab1 Bd7 15. Nbd4 Nxd4 16. Nxd4 Re8 17. Rfe1 Rac8 18. Qc2 h6 19. Re2 Qc5 20. a4 Bc6 21. Rbe1 Nd7 22. Qd1 Qd6 23. Bc2 e5 24. fxe5 Rxe5 25. f4 Rxe2 26. Qxe2 Qc5 27. Qe7 Qb6 28. Bf5 Rd8 29. Qe3 Nf6 30. Nxc6 Qxc6 31. Bc2 d4 32. Qd2 Qb6 33. cxd4 Rxd4 34. Qe3 g6 35. Bb3 Kg7 36. h3 Qb4 37. Qc3 Qd6 0-1

[Event "SCG-chT 4th"]
[Site "Vrnjacka Banja"]
[Date "2006.05.01"]
[Round "1"]
[White "Popovic, Petar"]
[Black "Aleksic, Nenad C"]
[Result "1-0"]
[WhiteElo "2501"]
[BlackElo "2275"]
[PlyCount "63"]
[EventDate "2006.05.01"]
[EventType "team"]
[EventRounds "7"]
[EventCountry "YUG"]
[SourceTitle "CBM 112 Extra"]
[Source "ChessBase"]
[SourceDate "2006.07.14"]
[SourceVersion "1"]
[SourceVersionDate "2006.07.14"]
[SourceQuality "1"]

1. e4 c5 2. Nf3 d6 3. d4 cxd4 4. Nxd4 Nf6 5. Nc3 a6 6. g3 Nc6 7. Bg2 Bg4 8. Nde2 Bd7 9. Nd5 e6 10. Nxf6+ Qxf6 11. 0-0 Qd8 12. b3 Be7 13. Ba3 Qc7 14. Qd2 Rd8 15. Rfd1 Bc8 16. c4 0-0 17. Rac1 Qb8 18. Qe3 b5 19. cxb5 Qxb5 20. Nc3 Qa5 21. Na4 d5 22. Bxe7 Nxe7 23. Qb6 Qxb6 24. Nxb6 dxe4 25. Bxe4 f5 26. Rxd8 Rxd8 27. Nxc8 Nxc8 28. Bb7 Ne7 29. Bxa6 Rd2 30. a4 Nd5 31. Bc4 f4 32. Ra1 1-0

[Event "YUG-chT2"]
[Site "Yugoslavia"]
[Date "1994.??.??"]
[Round "11"]
[White "Aleksic, Nenad C"]
[Black "Vlahovic, Svetozar"]
[Result "1-0"]
[WhiteElo "2305"]
[BlackElo "2230"]
[PlyCount "75"]
[EventDate "1994.??.??"]
[EventType "team"]
[EventRounds "11"]
[EventCountry "YUG"]
[SourceTitle "EXT 1997"]
[Source "ChessBase"]
[SourceDate "1996.11.15"]
[SourceVersion "1"]
[SourceVersionDate "1996.11.15"]
[SourceQuality "1"]

1. Nf3 c5 2. c4 Nc6 3. g3 e5 4. d3 d6 5. Bg2 Be7 6. 0-0 Nf6 7. Nc3 0-0 8. Ne1 Bd7 9. Nc2 Rb8 10. Ne3 Re8 11. Ned5 Nxd5 12. Nxd5 Bf8 13. f4 Ne7 14. e4 Nxd5 15. cxd5 b5 16. Be3 Rb7 17. Rf2 b4 18. f5 f6 19. g4 g5 20. fxg6 hxg6 21. h3 Bc8 22. Qd2 Rh7 23. Raf1 Be7 24. Rf3 g5 25. R1f2 Rf8 26. Bf1 Qa5 27. Rh2 Qxa2 28. h4 Rxh4 29. Rxh4 gxh4 30. Rh3 Rf7 31. Rxh4 Rg7 32. Qh2 Kf7 33. Rh7 Rxh7 34. Qxh7+ Ke8 35. Qg8+ Kd7 36. g5 Qa1 37. gxf6 Bxf6 38. Qf7+ 1-0

[Event "YUG-chT2"]
[Site "Yugoslavia"]
[Date "1994.??.??"]
[Round "2"]
[White "Aleksic, Nenad C"]
[Black "Zlatanovic, Zoran"]
[Result "1/2-1/2"]
[WhiteElo "2305"]
[BlackElo "2280"]
[PlyCount "93"]
[EventDate "1994.??.??"]
[EventType "team"]
[EventRounds "11"]
[EventCountry "YUG"]
[SourceTitle "EXT 1997"]
[Source "ChessBase"]
[SourceDate "1996.11.15"]
[SourceVersion "1"]
[SourceVersionDate "1996.11.15"]
[SourceQuality "1"]

1. Nf3 Nf6 2. g3 g6 3. Bg2 Bg7 4. 0-0 0-0 5. c4 d5 6. cxd5 Nxd5 7. d4 Nc6 8. e4 Nb6 9. d5 Na5 10. Nc3 Nac4 11. Qe2 e5 12. a4 Nd6 13. Bd2 Bg4 14. h3 Bd7 15. a5 Nbc8 16. Rfe1 a6 17. Rac1 Na7 18. Be3 Nab5 19. Bc5 Re8 20. Nxb5 Bxb5 21. Qc2 Bh6 22. Be3 Bxe3 23. Rxe3 c5 24. Rc3 c4 25. Nd2 Qxa5 26. Bf1 Rac8 27. Bxc4 Bd7 28. Bf1 Rxc3 29. Qxc3 Qxc3 30. Rxc3 Rc8 31. Rxc8+ Bxc8 32. f4 f6 33. Kf2 Kf7 34. Ke3 Ke7 35. Nf3 Nf7 36. Kd3 Kd6 37. Kc4 b6 38. Kb4 f5 39. Nd2 Kc7 40. Kc3 fxe4 41. Nxe4 exf4 42. gxf4 Nd6 43. Ng5 Nf5 44. Nxh7 Ne3 45. Bc4 Bxh3 46. Kd4 Nxc4 47. Kxc4 1/2-1/2

[Event "Aegina op"]
[Site "Aegina"]
[Date "1994.??.??"]
[Round "3"]
[White "Graf, Alexander"]
[Black "Aleksic, Nenad C"]
[Result "1-0"]
[WhiteElo "2575"]
[BlackElo "2305"]
[PlyCount "65"]
[EventDate "1994.??.??"]
[EventType "swiss"]
[EventRounds "9"]
[EventCountry "GRE"]
[SourceTitle "TD"]
[Source "ChessBase"]
[SourceDate "1994.03.01"]
[SourceVersion "1"]
[SourceVersionDate "1994.03.01"]
[SourceQuality "1"]

1. d4 Nf6 2. c4 e6 3. Nc3 Bb4 4. e3 b6 5. Bd3 Bb7 6. Nf3 Ne4 7. 0-0 f5 8. Ne5 0-0 9. Nxe4 fxe4 10. Bc2 Bd6 11. Qg4 Bxe5 12. dxe5 Rf5 13. f4 Na6 14. Bd2 Qe7 15. Rad1 Nc5 16. b4 Nd3 17. Qe2 d6 18. Bc3 dxe5 19. Bxd3 exd3 20. Rxd3 exf4 21. exf4 Raf8 22. Rg3 R8f7 23. Re3 Bc8 24. Qd2 h5 25. Be5 Qd7 26. Rd3 Qc6 27. Rd8+ Rf8 28. Rf3 h4 29. Rh3 Bb7 30. Rxh4 Qxc4 31. Rxf8+ Rxf8 32. Rg4 Rf7 33. Qd8+ 1-0